[Event "DEM U16w 2011"]
[Site "Oberhof GER"]
[Date "2011.06.18"]
[Round "9"]
[White "Kuckling, Hannah"]
[Black "Serif, Amelie"]
[Result "1/2-1/2"]
[Termination "normal"]
[Board "8"]
[WhiteElo "1775"]
[BlackElo "1475"]
[PlyCount "99"]
[WhiteFideId "24603660"]
[EventCountry "GER"]
[EventRounds "9"]
[EventType "swiss"]
[EventDate "2011.06.11"]

1. e4 c5 2. Nf3 g6 3. d4 Bg7 4. d5 d6 5. Nc3 Bd7 6. Be2 Na6 7. O-O f5 8. Re1
Nc7 9. a4 fxe4 10. Nxe4 Bf5 11. Ng3 Bd7 12. Ng5 Nf6 13. c4 O-O 14. h4 h6 15.
Nf3 Qe8 16. Qc2 Nh7 17. Bd3 Rf6 18. Ne4 Rxf3 19. gxf3 Qf7 20. Kg2 Rf8 21. Nd2
Bg4 22. Be2 Na6 23. Ra3 Nb4 24. Qb1 Bf5 25. Ne4 Nf6 26. Be3 e6 27. dxe6 Qxe6
28. Bd3 Nxd3 29. Qxd3 Nxe4 30. Bd2 Nxd2 31. Rxe6 Bxd3 32. Rxd3 Nxc4 33. b3 Ne5
34. Rdxd6 Nxf3 35. Re4 Ne5 36. Rd5 Nc6 37. Rxc5 Bd4 38. Rc2 Bb6 39. b4 Kg7 40.
b5 Nd4 41. Rd2 Nf5 42. Rd7+ Rf7 43. Rxf7+ Kxf7 44. Rc4 Nd6 45. Rf4+ Nf5 46. h5
Kf6 47. hxg6 Kxg6 48. Rc4 Nd6 49. Rc1 Kf5 50. Rh1 1/2-1/2

[Event "DEM U16w 2011"]
[Site "Oberhof GER"]
[Date "2011.06.18"]
[Round "9"]
[White "Spangenberg, Romy"]
[Black "Schäfer, Ann-Kathrin"]
[Result "1-0"]
[Termination "normal"]
[Board "9"]
[WhiteElo "1671"]
[BlackElo "1623"]
[PlyCount "53"]
[WhiteFideId "4627997"]
[BlackFideId "24615412"]
[EventCountry "GER"]
[EventRounds "9"]
[EventType "swiss"]
[EventDate "2011.06.11"]

1. e4 e5 2. Nf3 Nc6 3. d4 exd4 4. Nxd4 Qh4 5. Nc3 Bb4 6. Ndb5 Qxe4+ 7. Qe2
Qxe2+ 8. Bxe2 Kd8 9. Bf4 d6 10. O-O-O a6 11. Nxc7 Kxc7 12. Nd5+ Kd8 13. Nxb4
Nxb4 14. Bxd6 Nxa2+ 15. Kb1 Nc3+ 16. bxc3 Ke8 17. Rhe1 Be6 18. Bc4 Rc8 19. Bxe6
fxe6 20. Rxe6+ Kf7 21. Re3 b5 22. Be5 Ne7 23. Rf3+ Ke8 24. Re1 Rc6 25. Bxg7 Rg8
26. Bf6 Rc7 27. Rfe3 1-0

[Event "DEM U16w 2011"]
[Site "Oberhof GER"]
[Date "2011.06.18"]
[Round "9"]
[White "Zeller, Elisa"]
[Black "Lange, Anika"]
[Result "0-1"]
[Termination "normal"]
[Board "10"]
[WhiteElo "1795"]
[BlackElo "1637"]
[PlyCount "58"]
[WhiteFideId "24662410"]
[BlackFideId "24693405"]
[EventCountry "GER"]
[EventRounds "9"]
[EventType "swiss"]
[EventDate "2011.06.11"]

1. e4 c5 2. Nf3 Nc6 3. d4 cxd4 4. Nxd4 Nf6 5. Nc3 e5 6. Ndb5 d6 7. Bg5 a6 8.
Bxf6 gxf6 9. Na3 f5 10. Bd3 Bg7 11. exf5 d5 12. f3 b5 13. Nab1 Qh4+ 14. g3 Qb4
15. a3 Qa5 16. O-O b4 17. Ne2 e4 18. fxe4 Bxb2 19. Ra2 bxa3 20. c3 Bb7 21. Re1
Qc5+ 22. Kg2 Ne5 23. Bc2 dxe4 24. Nd4 e3+ 25. Kh3 Qd5 26. Rxe3 Qg2+ 27. Kh4
Qxh2+ 28. Kg5 Rg8+ 29. Kf4 Qh6+ 0-1

[Event "DEM U16w 2011"]
[Site "Oberhof GER"]
[Date "2011.06.18"]
[Round "9"]
[White "Kostré, Margarita"]
[Black "Freis, Katrin"]
[Result "0-1"]
[Termination "normal"]
[Board "11"]
[WhiteElo "1821"]
[BlackElo "1379"]
[PlyCount "82"]
[WhiteFideId "4673344"]
[BlackFideId "24655783"]
[EventCountry "GER"]
[EventRounds "9"]
[EventType "swiss"]
[EventDate "2011.06.11"]

1. e4 e5 2. Nf3 Nc6 3. Bb5 Nd4 4. Nxd4 exd4 5. O-O Bc5 6. d3 c6 7. Ba4 d6 8. f4
f5 9. Bb3 Ne7 10. Nd2 Kd7 11. Nf3 Kc7 12. e5 d5 13. Ng5 Qe8 14. e6 h6 15. Nf7
Rg8 16. Qe2 Ng6 17. Re1 Bb4 18. Bd2 Bxd2 19. Qxd2 Bxe6 20. Ne5 Nxe5 21. Rxe5
Qg6 22. Rae1 Rae8 23. Qb4 Bd7 24. Qxd4 b6 25. c4 dxc4 26. Bxc4 Rgf8 27. Re7 Qd6
28. Qxg7 Rxe7 29. Rxe7 Rd8 30. Re6 Qxf4 31. Qxh6 Qd4+ 32. Kf1 Bxe6 33. Qxe6
Qxb2 34. Qxf5 Qa1+ 35. Kf2 Qd4+ 36. Kf3 b5 37. Qf7+ Rd7 38. Qf5 bxc4 39. Qa5+
Qb6 40. Qe5+ Kb7 41. Qe8 Rxd3+ 0-1

[Event "DEM U16w 2011"]
[Site "Oberhof GER"]
[Date "2011.06.18"]
[Round "9"]
[White "Stolcz, Bianca"]
[Black "Tobianski, Karina"]
[Result "1-0"]
[Termination "normal"]
[Board "12"]
[WhiteElo "1632"]
[BlackElo "1262"]
[PlyCount "79"]
[WhiteFideId "24654914"]
[BlackFideId "12937746"]
[EventCountry "GER"]
[EventRounds "9"]
[EventType "swiss"]
[EventDate "2011.06.11"]

1. e4 d5 2. exd5 Nf6 3. d4 Nxd5 4. c4 Nb6 5. c5 Nd5 6. Bc4 c6 7. Nc3 e6 8. Nf3
Be7 9. O-O O-O 10. a3 a5 11. Re1 Nd7 12. Nxd5 exd5 13. Bd3 Bf6 14. Qc2 g6 15.
Bh6 Bg7 16. Bf4 Nf6 17. Qd2 Be6 18. Ng5 Qd7 19. b4 axb4 20. Nxe6 fxe6 21. Bd6
Rf7 22. axb4 Rc8 23. Qe2 Re8 24. b5 Bf8 25. Be5 Bh6 26. Ra7 Qc8 27. bxc6 bxc6
28. Rxf7 Kxf7 29. Bxf6 Kxf6 30. g4 Kf7 31. f4 Bxf4 32. Rf1 g5 33. Bxh7 Rh8 34.
Qd3 Ke7 35. h4 Rf8 36. hxg5 Bxg5 37. Re1 Kd8 38. Qg3 Bf6 39. Qd6+ Qd7 40. Qxf8+
1-0

[Event "DEM U16w 2011"]
[Site "Oberhof GER"]
[Date "2011.06.18"]
[Round "9"]
[White "Rahimi, Rozafa"]
[Black "Wulf, Constanze"]
[Result "1-0"]
[Termination "normal"]
[Board "13"]
[WhiteElo "1530"]
[BlackElo "1296"]
[PlyCount "55"]
[WhiteFideId "24692280"]
[BlackFideId "24692379"]
[EventCountry "GER"]
[EventRounds "9"]
[EventType "swiss"]
[EventDate "2011.06.11"]

1. d4 Nf6 2. Nf3 g6 3. Bf4 Bg7 4. e3 O-O 5. Be2 d6 6. O-O Be6 7. c4 c5 8. d5
Bc8 9. Nc3 Nbd7 10. Rc1 a6 11. a3 Qa5 12. h3 h6 13. Nh2 Kh7 14. Bg3 Ng8 15. Bd3
Ne5 16. Bxe5 Bxe5 17. f4 Bg7 18. Qf3 Rb8 19. h4 Bd7 20. h5 Qc7 21. hxg6+ fxg6
22. Qg3 Be8 23. Nf3 Bxc3 24. Rxc3 Bf7 25. Nh4 Qd8 26. Nxg6 Re8 27. Ne5+ Kh8 28.
Nxf7# 1-0